000 00975nam a2200229 a 4500
999 _c12303
_d12303
001 12303
003 BD-JhCC
005 20220822134023.0
008 210926b19862021bg |||| ||a| 001 0 Ben d
035 _a(BD-JhCC)12303
040 _aBD-JhCC
_dBD-JhCC
041 _aBengali
082 _a297.1227
_bQAS 2021
100 _aকাসীর, হাফিয আল্লামা ইমাদুদ্দীন ইব্ন
245 _aতাফসীর ইব্ন কাসীর /
_cহাফিয আল্লামা ইমাদুদ্দীন ইব্ন কাসীর, অনু: ড.মহাম্মাদ মুজীবুর রহমান।
260 _aঢাকা:
_bপ্রগ্রেসিভ পাবলিশার্স;
_c২০২১.
300 _a716 p. :
_c22 cm.
650 _aQuran----Commentaries
700 _aরহমান,ড.মহাম্মাদ মুজীবুর
942 _2ddc
_cBK
_01